Advanced Engineering Mathematics (Record no. 11653)
[ view plain ]
| 000 -LEADER | |
|---|---|
| fixed length control field | 00358nam a2200145Ia 4500 |
| 003 - CONTROL NUMBER IDENTIFIER | |
| control field | OSt |
| 005 - DATE AND TIME OF LATEST TRANSACTION | |
| control field | 20240305170417.0 |
| 008 - FIXED-LENGTH DATA ELEMENTS--GENERAL INFORMATION | |
| fixed length control field | 170523s9999 xx 000 0 und d |
| 020 ## - INTERNATIONAL STANDARD BOOK NUMBER | |
| International Standard Book Number | 978-1842650868 |
| 040 ## - CATALOGING SOURCE | |
| Transcribing agency | IIMT UNIVERSITY MEERUT |
| 100 ## - MAIN ENTRY--PERSONAL NAME | |
| Personal name | Jain- R.K. |
| 245 #0 - TITLE STATEMENT | |
| Title | Advanced Engineering Mathematics |
| 260 ## - PUBLICATION, DISTRIBUTION, ETC. | |
| Place of publication, distribution, etc. | New Delhi : Narosa |
| 942 ## - ADDED ENTRY ELEMENTS (KOHA) | |
| Source of classification or shelving scheme | |
| Koha item type | Book Bank |
| Withdrawn status | Lost status | Source of classification or shelving scheme | Damaged status | Not for loan | Home library | Current library | Date acquired | Barcode | Date last seen | Price effective from | Koha item type | Public note | Total Checkouts | Date last checked out | Source of acquisition |
|---|---|---|---|---|---|---|---|---|---|---|---|---|---|---|---|
| IIMT Engineering College-BTech | IIMT Engineering College-BTech | 11/18/2011 | 06-B-53843 | 07/03/2017 | 07/03/2017 | Text-Book- for 7 days | 3 | ||||||||
| IIMT University Central Library Meerut | IIMT University Central Library Meerut | 05/29/2017 | 01-B-115941 | 05/29/2017 | 05/29/2017 | SAMS ISSUE RECORD | IN POLY 371 SAMS ISSUE DATA | ||||||||
| IIMT University Central Library Meerut | IIMT University Central Library Meerut | 05/29/2017 | 01-B-115942 | 01/05/2022 | 05/29/2017 | Book Bank | 1 | 12/29/2021 | |||||||
| IIMT University Central Library Meerut | IIMT University Central Library Meerut | 05/29/2017 | 01-B-119993 | 05/29/2017 | 05/29/2017 | Book Bank |

